[Event "ICS rated blitz match"]
[Site "204.178.125.65"]
[Date "2000.08.15"]
[Round "?"]
[White "Hossa"]
[Black "PostModernist"]
[Result "0-1"]
[WhiteElo "2457"]
[BlackElo "2698"]
[PlyCount "74"]
[EventDate "2000.??.??"]

1. e4 e6 2. d4 d5 3. exd5 exd5 4. Nf3 Bd6 5. Bd3 Nc6 6. O-O Bg4 7. Re1+ Nge7 8.
c3 Qd7 9. h3 Bh5 10. b4 O-O-O 11. Na3 Bg6 12. Be2 h5 13. Nb5 Kb8 14. Nxd6 Qxd6
15. b5 Na5 16. Qa4 b6 17. Ba3 Qf6 18. Bb4 Nb7 19. Ne5 Nd6 20. Qa6 Bf5 21. Rac1
Bc8 22. Qa4 g5 23. c4 Bb7 24. Bf3 g4 25. c5 bxc5 26. Bxc5 Nec8 27. hxg4 hxg4
28. Bxg4 Qh4 29. Bh3 Ne4 30. Qc2 Rdg8 31. Kf1 Qf4 32. Nd3 Ng3+ 33. Kg1 Rxh3 34.
gxh3 Ne2+ 35. Kf1 Qf3 36. Bxa7+ Ka8 37. Rxe2 Qh1# {Hossa checkmated} 0-1

[Event "ICS rated standard match"]
[Site "204.178.125.65"]
[Date "2000.08.15"]
[Round "?"]
[White "Hossa"]
[Black "loco40"]
[Result "1-0"]
[WhiteElo "2264"]
[BlackElo "2142"]
[PlyCount "131"]
[EventDate "2000.??.??"]

1. e4 d6 2. d4 Nf6 3. Nc3 e5 4. dxe5 dxe5 5. Qxd8+ Kxd8 6. Nf3 Bd6 7. Bg5 Be6
8. O-O-O Nbd7 9. Bh4 h6 10. Bb5 Kc8 11. Kb1 Bb4 12. Nd5 Bxd5 13. exd5 Bd6 14.
c3 a6 15. Be2 b5 16. Nd2 Nb6 17. Bxf6 gxf6 18. Bg4+ Kd8 19. Bh3 Ke7 20. Ne4
Rhg8 21. g3 a5 22. Bf5 a4 23. a3 Nc4 24. Rd3 Ra6 25. Re1 Rb8 26. g4 Rbb6 27.
Rh3 Bxa3 28. bxa3 Nxa3+ 29. Kb2 Nc4+ 30. Kc2 a3 31. Rxh6 a2 32. Ra1 c5 33. Rh8
b4 34. Nxc5 Ra3 35. cxb4 Rxb4 36. Nd3 Rbb3 37. Rxa2 Rc3+ 38. Kb1 Rxd3 39. Bxd3
Rxd3 40. Ra7+ Kd6 41. Rxf7 Kxd5 42. Rd8+ Ke4 43. Rxd3 Kxd3 44. Rxf6 Nd2+ 45.
Kb2 Nc4+ 46. Kb3 Nd2+ 47. Kb4 e4 48. Rd6+ Ke2 49. Rxd2+ Kxd2 50. g5 Ke2 51. g6
Kxf2 52. g7 e3 53. Kc4 e2 54. g8=Q e1=Q 55. Qg3+ Kf1 56. Qxe1+ Kxe1 57. h4 Kf2
58. h5 Kf3 59. h6 Kf2 60. h7 Kf3 61. h8=Q Kf2 62. Qh3 Ke2 63. Qg3 Kd2 64. Qf2+
Kc1 65. Kc3 Kb1 66. Qb2# {loco40 checkmated} 1-0

[Event "ICS rated standard match"]
[Site "204.178.125.65"]
[Date "2000.08.15"]
[Round "?"]
[White "superbeast"]
[Black "Hossa"]
[Result "0-1"]
[WhiteElo "1990"]
[BlackElo "2273"]
[PlyCount "62"]
[EventDate "2000.??.??"]

1. e4 e5 2. Nf3 Nc6 3. Bc4 Nf6 4. Ng5 d5 5. exd5 Na5 6. Bb5+ Bd7 7. Qe2 Be7 8.
Nc3 O-O 9. O-O c6 10. dxc6 Nxc6 11. Bxc6 Bxc6 12. d3 Nd7 13. Nge4 f5 14. Ng3 f4
15. Nge4 f3 16. gxf3 Qe8 17. Kh1 b5 18. Rg1 b4 19. Nd1 Qh5 20. Rg3 Bh4 21. Rh3
Nf6 22. c3 Nxe4 23. dxe4 Bd7 24. Rxh4 Qxh4 25. cxb4 Qh3 26. Be3 Be8 27. Kg1 Bh5
28. Qf1 Qe6 29. Rc1 Bxf3 30. Qc4 Qxc4 31. Rxc4 Bxd1 {superbeast resigns} 0-1

[Event "ICS rated standard match"]
[Site "204.178.125.65"]
[Date "2000.08.15"]
[Round "?"]
[White "Hossa"]
[Black "chuda"]
[Result "1-0"]
[WhiteElo "2278"]
[BlackElo "2090"]
[PlyCount "42"]
[EventDate "2000.??.??"]

1. e4 d5 2. exd5 Nf6 3. d4 Bg4 4. f3 Bf5 5. Bb5+ Nbd7 6. c4 e6 7. dxe6 Bxe6 8.
d5 Bf5 9. Nc3 a6 10. Ba4 Qe7+ 11. Nge2 O-O-O 12. Bxd7+ Rxd7 13. Qd4 Qc5 14. Be3
Qxd4 15. Bxd4 Bb4 16. O-O-O Re8 17. g4 Nxg4 18. fxg4 Bxg4 19. Rd2 Rde7 20. Nf4
g5 21. Nd3 Re1+ {chuda resigns} 1-0

[Event "ICS rated standard match"]
[Site "204.178.125.65"]
[Date "2000.08.16"]
[Round "?"]
[White "chuda"]
[Black "Hossa"]
[Result "0-1"]
[WhiteElo "2082"]
[BlackElo "2286"]
[PlyCount "58"]
[EventDate "2000.??.??"]

1. e4 e5 2. Nf3 Nc6 3. Bb5 a6 4. Ba4 Nf6 5. O-O Be7 6. Re1 b5 7. Bb3 d6 8. c3
O-O 9. h3 Na5 10. Bc2 c5 11. d4 Qc7 12. Nbd2 cxd4 13. cxd4 Bd7 14. a3 Rac8 15.
Bb1 Nh5 16. Nxe5 dxe5 17. Qxh5 exd4 18. e5 g6 19. Qh6 Rfd8 20. Bd3 Bf8 21. Qh4
Bg7 22. f4 Nb7 23. b4 Qc3 24. Ne4 Qxa1 25. Nf6+ Bxf6 26. exf6 Rxc1 27. Rxc1
Qxc1+ 28. Kh2 Nd6 29. Qh6 Ne8 {chuda resigns} 0-1

[Event "ICS rated standard match"]
[Site "204.178.125.65"]
[Date "2000.08.16"]
[Round "?"]
[White "Hossa"]
[Black "chuda"]
[Result "1-0"]
[WhiteElo "2294"]
[BlackElo "2074"]
[PlyCount "37"]
[EventDate "2000.??.??"]

1. e4 d5 2. exd5 Nf6 3. d4 Bg4 4. f3 Bf5 5. Bb5+ Nbd7 6. c4 e6 7. dxe6 Bxe6 8.
d5 Bf5 9. Nc3 a6 10. Ba4 Qe7+ 11. Nge2 O-O-O 12. Bxd7+ Nxd7 13. O-O Qc5+ 14.
Nd4 Bg6 15. b3 Ne5 16. Ne4 Bxe4 17. fxe4 c6 18. Be3 Ng4 19. Qxg4+ {
chuda resigns} 1-0

[Event "ICS rated standard match"]
[Site "204.178.125.65"]
[Date "2000.08.16"]
[Round "?"]
[White "DRAGOMIR"]
[Black "Hossa"]
[Result "0-1"]
[WhiteElo "2000"]
[BlackElo "2301"]
[PlyCount "50"]
[EventDate "2000.??.??"]

1. e4 e5 2. Nf3 Nc6 3. Bc4 Nf6 4. O-O Bc5 5. c3 Nxe4 6. d4 exd4 7. cxd4 d5 8.
dxc5 dxc4 9. Qc2 Qd3 10. Qxd3 cxd3 11. Re1 f5 12. Nc3 O-O 13. Nxe4 fxe4 14.
Rxe4 Bf5 15. Rf4 Rae8 16. Be3 h6 17. h4 Be6 18. Rxf8+ Kxf8 19. a3 Bd5 20. Nd2
Ne5 21. Rc1 Bc6 22. Rc3 Kf7 23. Bd4 Ng6 24. g3 Re1+ 25. Nf1 d2 {
DRAGOMIR resigns} 0-1

[Event "ICS rated standard match"]
[Site "204.178.125.65"]
[Date "2000.08.16"]
[Round "?"]
[White "Hossa"]
[Black "Helofyt"]
[Result "1-0"]
[WhiteElo "2301"]
[BlackElo "2008"]
[PlyCount "31"]
[EventDate "2000.??.??"]

1. e4 e6 2. Nf3 d5 3. e5 c5 4. d4 Nc6 5. dxc5 Bxc5 6. Nc3 Qb6 7. Qd2 Bb4 8. a3
Qa5 9. Rb1 Bxc3 10. bxc3 Nge7 11. c4 dxc4 12. Bxc4 Qc5 13. Be2 Nxe5 14. Nxe5
Qxe5 15. Bb2 Qd6 16. Qxd6 {Helofyt resigns} 1-0

[Event "ICS rated standard match"]
[Site "204.178.125.65"]
[Date "2000.08.16"]
[Round "?"]
[White "steve-wpb"]
[Black "Hossa"]
[Result "0-1"]
[WhiteElo "2066"]
[BlackElo "2303"]
[PlyCount "71"]
[EventDate "2000.??.??"]

1. e4 e5 2. Nf3 Nc6 3. Bc4 Nf6 4. d3 Bc5 5. Nc3 O-O 6. Be3 Bxe3 7. fxe3 d6 8.
O-O Na5 9. Bb3 Nxb3 10. axb3 Kh8 11. Qe1 c6 12. Qh4 h6 13. h3 Qe7 14. Rf2 Bd7
15. Raf1 Rfe8 16. Nh2 b5 17. Rxf6 Kh7 18. Qxh6+ gxh6 19. Rxf7+ Kg8 20. Rxe7
Rxe7 21. Ne2 Rg7 22. Rf3 Rf8 23. Kf2 Rgf7 24. Rxf7 Kxf7 25. Nf3 Kg7 26. g4 h5
27. Kg3 hxg4 28. hxg4 Kf6 29. Neg1 c5 30. Nh3 Rg8 31. g5+ Ke7 32. Nfg1 Rh8 33.
Kg2 Rh5 34. Kg3 b4 35. Kg2 Bg4 36. Nf2 {steve-wpb resigns} 0-1

[Event "ICS rated standard match"]
[Site "204.178.125.65"]
[Date "2000.08.16"]
[Round "?"]
[White "Hossa"]
[Black "Helofyt"]
[Result "1-0"]
[WhiteElo "2310"]
[BlackElo "2026"]
[PlyCount "113"]
[EventDate "2000.??.??"]

1. e4 c6 2. c4 d5 3. cxd5 cxd5 4. exd5 Qxd5 5. Nc3 Qd6 6. Nf3 Nf6 7. Bc4 Be6 8.
Be2 Nc6 9. O-O Rd8 10. Ng5 Bd5 11. Nxd5 Qxd5 12. d3 h6 13. Nf3 e5 14. Be3 e4
15. dxe4 Qxe4 16. Qb3 Ng4 17. Bc4 Qg6 18. Qxb7 Rd7 19. Qc8+ Rd8 20. Qa6 Nxe3
21. fxe3 Rd6 22. Bb5 Qe6 23. Rac1 Kd8 24. Rxc6 Rxc6 25. Qxc6 Qxc6 26. Bxc6 Bd6
27. Nd4 Rf8 28. Be4 Bc5 29. Bd5 Re8 30. Rxf7 Rxe3 31. Nc6+ Ke8 32. Kf1 Rd3 33.
Rf5 Bd4 34. Ke2 Re3+ 35. Kd2 Bb6 36. Rf7 Re4 37. Rxa7 Bxa7 38. Bxe4 Bc5 39. b4
Bd6 40. g3 h5 41. a4 Kd7 42. a5 Kc7 43. Kd3 h4 44. b5 Kd7 45. a6 Bc5 46. Kc4
Bg1 47. Nd4 Bxh2 48. a7 Bg1 49. b6 Bxd4 50. Kxd4 Ke6 51. gxh4 g5 52. hxg5 Kd6
53. b7 Ke6 54. b8=R Kd6 55. a8=Q Ke6 56. Rb7 Kd6 57. Qa6# {Helofyt checkmated}
1-0

[Event "ICS rated standard match"]
[Site "204.178.125.65"]
[Date "2000.08.16"]
[Round "?"]
[White "Hossa"]
[Black "stevesand"]
[Result "1/2-1/2"]
[WhiteElo "2312"]
[BlackElo "2073"]
[PlyCount "111"]
[EventDate "2000.??.??"]

1. e4 c6 2. c4 d5 3. cxd5 cxd5 4. exd5 Nf6 5. Nc3 g6 6. Bb5+ Nbd7 7. d4 Bg7 8.
d6 exd6 9. Qe2+ Qe7 10. Bf4 Qxe2+ 11. Bxe2 Ke7 12. Nb5 Ne8 13. Nf3 a6 14. Nc3
Ndf6 15. O-O Bd7 16. Nd2 b5 17. Bf3 Rb8 18. Rfe1+ Kd8 19. b4 Rc8 20. Rac1 Bc6
21. Bxc6 Rxc6 22. Nb3 Kd7 23. Na5 Rb6 24. d5 Nc7 25. Be3 Rbb8 26. Bd4 Rhe8 27.
Rf1 Nh5 28. Bxg7 Nxg7 29. g4 f5 30. Nc6 fxg4 31. Nxb8+ Rxb8 32. Rfe1 Nf5 33.
Rcd1 Rf8 34. Re4 h5 35. Re2 Nh4 36. Kh1 Nf3 37. Rd3 Rf5 38. Rde3 Ne5 39. Re4
Rf3 40. Rc2 Rd3 41. Re3 Rd4 42. Kg2 Nxd5 43. Nxd5 Rxd5 44. Rec3 Rd1 45. a3 Ke6
46. Rc1 Rd4 47. Re3 Kf5 48. Kg3 g5 49. Kg2 Nc4 50. Re8 Ne5 51. Rf8+ Ke6 52.
Re8+ Kf5 53. Rf8+ Ke6 54. Re8+ Kf5 55. Rf8+ Ke6 56. Re8+ 1/2-1/2

[Event "ICS rated standard match"]
[Site "204.178.125.65"]
[Date "2000.08.16"]
[Round "?"]
[White "stevesand"]
[Black "Hossa"]
[Result "0-1"]
[WhiteElo "2083"]
[BlackElo "2302"]
[PlyCount "56"]
[EventDate "2000.??.??"]

1. d4 Nf6 2. Nf3 e6 3. g3 c5 4. Bg2 cxd4 5. Nxd4 d5 6. O-O Be7 7. c4 dxc4 8.
Qa4+ Nbd7 9. Rd1 O-O 10. Qxc4 Nb6 11. Qc2 Nbd5 12. a3 Bd7 13. Nc3 Nxc3 14. Qxc3
Qb6 15. Be3 Rac8 16. Qd2 Qc7 17. Rac1 Qb8 18. Qa5 Rxc1 19. Rxc1 b6 20. Qa6 Ng4
21. Bd2 Rd8 22. Nc6 Bxc6 23. Rxc6 Bc5 24. h3 Qxg3 25. Rxc5 Qxf2+ 26. Kh1 bxc5
27. hxg4 Qh4+ 28. Kg1 Rxd2 {stevesand resigns} 0-1

[Event "ICS rated standard match"]
[Site "204.178.125.65"]
[Date "2000.08.16"]
[Round "?"]
[White "Hossa"]
[Black "stevesand"]
[Result "1-0"]
[WhiteElo "2309"]
[BlackElo "2076"]
[PlyCount "117"]
[EventDate "2000.??.??"]

1. e4 c6 2. d4 d5 3. Nc3 dxe4 4. Nxe4 Nd7 5. Bd3 Ngf6 6. Ng5 e6 7. Ne2 Bd6 8.
O-O h6 9. Nf3 Qc7 10. c4 b6 11. Bd2 O-O 12. b4 c5 13. Nc3 a6 14. dxc5 bxc5 15.
Ne4 Nxe4 16. Bxe4 Rb8 17. Rc1 cxb4 18. Be3 Nc5 19. Bxc5 Qxc5 20. Re1 Rd8 21.
Qc2 Bb7 22. Rcd1 Bxe4 23. Qxe4 Bc7 24. Rd4 Rxd4 25. Qxd4 Qxd4 26. Nxd4 a5 27.
Nc6 Rb6 28. Nd4 a4 29. c5 Ra6 30. g3 Bb8 31. Rb1 b3 32. axb3 a3 33. Nf3 a2 34.
Ra1 e5 35. Nd2 e4 36. Nc4 Kf8 37. Nb6 Ra3 38. Nd7+ Ke8 39. Nxb8 Rxb3 40. Rxa2
Rxb8 41. Ra4 f5 42. Ra7 Kf8 43. Ra1 Rc8 44. Ra5 Rc6 45. Rb5 Rc7 46. Kf1 Ke7 47.
Ke2 Ke6 48. Ke3 Rd7 49. Rb6+ Kd5 50. c6 Rc7 51. Kf4 g6 52. h4 Rxc6 53. Rxc6
Kxc6 54. Ke5 Kc5 55. Kf6 Kd5 56. Kxg6 Ke5 57. Kxh6 f4 58. gxf4+ Kxf4 59. Kg6 {
stevesand resigns} 1-0

[Event "ICS rated standard match"]
[Site "204.178.125.65"]
[Date "2000.08.16"]
[Round "?"]
[White "stevesand"]
[Black "Hossa"]
[Result "1/2-1/2"]
[WhiteElo "2069"]
[BlackElo "2316"]
[PlyCount "122"]
[EventDate "2000.??.??"]

1. d4 d5 2. c4 e6 3. Nc3 Nf6 4. Bg5 Be7 5. Nf3 h6 6. Bh4 g5 7. Bg3 Ne4 8. e3
Nxg3 9. hxg3 c6 10. Qc2 Nd7 11. Bd3 dxc4 12. Bxc4 Nb6 13. Bb3 h5 14. O-O-O Nd5
15. e4 Nb4 16. Qe2 Bd6 17. d5 cxd5 18. exd5 g4 19. dxe6 fxe6 20. Nd4 Qg5+ 21.
Kb1 Qg6+ 22. Ka1 Ke7 23. Rhe1 e5 24. a3 Nc6 25. Nxc6+ bxc6 26. Ne4 Bb8 27. Qc4
Rd8 28. Qc5+ Ke8 29. Rxd8+ Kxd8 30. Rd1+ Ke8 31. Nd6+ Bxd6 32. Rxd6 Qf5 33.
Qxc6+ Bd7 34. Qxa8+ Ke7 35. Qd5 a5 36. Ka2 a4 37. Bc4 e4 38. Qxf5 Bxf5 39. Rh6
Bd7 40. Rxh5 Kf6 41. Ra5 Ke7 42. Bd5 Kf6 43. Bxe4 Be6+ 44. Kb1 Bd7 45. Bc2 Be6
46. Bxa4 Bf7 47. Bd1 Be6 48. Ra4 Bd5 49. Bxg4 Bxg2 50. f4 Bd5 51. Ra6+ Ke7 52.
Kc2 Be4+ 53. Kc3 Bg2 54. Kd4 Kf7 55. Ke5 Kf8 56. Ra7 Ke8 57. Kd6 Kf8 58. Be6
Bf3 59. Rc7 Bd1 60. Ke5 Be2 61. Kf6 Ba6 1/2-1/2

[Event "ICS rated standard match"]
[Site "204.178.125.65"]
[Date "2000.08.16"]
[Round "?"]
[White "Interceptor"]
[Black "Hossa"]
[Result "1/2-1/2"]
[WhiteElo "2507"]
[BlackElo "2306"]
[PlyCount "150"]
[EventDate "2000.??.??"]

1. Nf3 b6 2. e4 Bb7 3. Nc3 e6 4. d4 Bb4 5. Bd3 Nf6 6. Qe2 d5 7. exd5 Nxd5 8.
Bd2 O-O 9. Qe4 g6 10. O-O Bc6 11. Qe2 Re8 12. Ne5 Bb7 13. Bb5 c6 14. Bc4 b5 15.
Bd3 Nb6 16. a3 Be7 17. Qf3 f5 18. Be3 Qc7 19. Qg3 Bf8 20. Bf4 Qc8 21. a4 b4 22.
Ne2 Nd5 23. Rad1 Bg7 24. Nc4 Nxf4 25. Qxf4 Qd7 26. Qd6 Qe7 27. Rfe1 Nd7 28. Nf4
Nf8 29. Qxe7 Rxe7 30. Nd6 Rd8 31. Nxb7 Rxb7 32. c3 bxc3 33. bxc3 Rb3 34. Rc1
Bh6 35. Bc4 Bxf4 36. Bxb3 Bxc1 37. Rxc1 Rb8 38. Ba2 Rb2 39. Bc4 g5 40. g3 Kf7
41. h3 h6 42. a5 Ke7 43. Re1 Rc2 44. Bd3 Rxc3 45. Bxf5 Kd6 46. Be4 Nd7 47. h4
gxh4 48. gxh4 Rc4 49. Rd1 Ra4 50. f4 Nf6 51. Bf3 Rxa5 52. Kf2 Nd5 53. Bxd5 cxd5
54. Rg1 Ra4 55. Ke3 Ra3+ 56. Ke2 Rh3 57. Ra1 Rxh4 58. Ra6+ Ke7 59. Rxa7+ Kf6
60. Rh7 Kf5 61. Rf7+ Ke4 62. Rf6 Rh2+ 63. Ke1 h5 64. Rxe6+ Kxd4 65. f5 Rh4 66.
Rh6 Ke5 67. f6 Ke6 68. Ke2 Re4+ 69. Kf3 Re5 70. Kf4 Rf5+ 71. Ke3 Kf7 72. Kd4
Kf8 73. Rh8+ Kf7 74. Rh6 Kf8 75. Rh8+ Kf7 1/2-1/2

[Event "ICS rated standard match"]
[Site "204.178.125.65"]
[Date "2000.08.16"]
[Round "?"]
[White "Hossa"]
[Black "ljb"]
[Result "1-0"]
[WhiteElo "2314"]
[BlackElo "2202"]
[PlyCount "111"]
[EventDate "2000.??.??"]

1. e4 c5 2. Nf3 d6 3. Bb5+ Bd7 4. Nc3 g6 5. O-O Bg7 6. Bxd7+ Qxd7 7. d4 cxd4 8.
Nxd4 Nc6 9. Nxc6 bxc6 10. Qd3 Nf6 11. Rd1 Qc7 12. Qc4 O-O 13. Bg5 Qb6 14. Rab1
Rfe8 15. a3 Nd7 16. Be3 Qb7 17. Bd4 Bxd4 18. Qxd4 Rab8 19. Qd2 Nc5 20. Qh6 Qa6
21. Rd4 Ne6 22. Ra4 Qb6 23. Rc4 Rec8 24. b3 Qa5 25. h3 Qg5 26. Qxg5 Nxg5 27. f4
Ne6 28. f5 Nc5 29. e5 Nd7 30. exd6 exd6 31. fxg6 hxg6 32. Re1 Ne5 33. Ra4 Rb7
34. Ne4 Rd8 35. Rd4 d5 36. Nf6+ Kg7 37. Nh5+ gxh5 38. Rxe5 Kg6 39. Rh4 Rh8 40.
g4 f6 41. Rexh5 Rxh5 42. Rxh5 Re7 43. Kf2 Re4 44. Rh8 Rf4+ 45. Kg3 Rf1 46. Rg8+
Kh6 47. Rc8 Rg1+ 48. Kh4 Ra1 49. Rxc6 Kg6 50. Ra6 Rc1 51. g5 Rxc2 52. Rxf6+ Kg7
53. Rd6 Rc3 54. Rxd5 Rxb3 55. Rd7+ Kg6 56. Rxa7 {ljb resigns} 1-0

[Event "ICS rated standard match"]
[Site "204.178.125.65"]
[Date "2000.08.16"]
[Round "?"]
[White "ljb"]
[Black "Hossa"]
[Result "0-1"]
[WhiteElo "2176"]
[BlackElo "2319"]
[PlyCount "67"]
[EventDate "2000.??.??"]

1. e4 e5 2. Nf3 Nc6 3. d4 exd4 4. Nxd4 Nf6 5. Nxc6 bxc6 6. e5 Qe7 7. Qe2 Nd5 8.
c4 Nb6 9. Nc3 d5 10. exd6 cxd6 11. Bf4 Be6 12. b3 d5 13. cxd5 Nxd5 14. Nxd5
cxd5 15. g3 Qb4+ 16. Bd2 Qd4 17. Rd1 Ba3 18. Bg2 O-O 19. O-O Bg4 20. Bf3 Bxf3
21. Qxf3 Qe4 22. Qh5 g6 23. Qh6 Rfe8 24. Be3 Qf3 25. Rd4 Re4 26. Rfd1 Rxd4 27.
Rxd4 Bf8 28. Qg5 f5 29. Qf6 Re8 30. Qc6 Rxe3 31. Qxd5+ Qxd5 32. Rxd5 Re2 33.
Ra5 Re7 34. Rxa7 {ljb resigns} 0-1

[Event "ICS Rated standard match"]
[Site "204.178.125.65"]
[Date "2000.08.16"]
[Round "?"]
[White "Hossa"]
[Black "KillorbeKilled"]
[Result "1-0"]
[WhiteElo "2324"]
[BlackElo "2223"]
[PlyCount "235"]
[EventDate "2000.??.??"]

1. e4 c6 2. d4 d5 3. Nc3 dxe4 4. Nxe4 Bf5 5. Ng3 Bg6 6. h4 h5 7. Nf3 Nd7 8. Bd3
Bxd3 9. Qxd3 e6 10. Bg5 Ngf6 11. Qe2 Be7 12. O-O Qc7 13. Ne5 g6 14. Ne4 Nxe4
15. Qxe4 Nxe5 16. Bf4 Nf3+ 17. Qxf3 Bd6 18. Bg5 Be7 19. Bf6 Bxf6 20. Qxf6 Rf8
21. c4 Qe7 22. Qxe7+ Kxe7 23. Rfd1 Rfd8 24. Kh2 Rd6 25. Rd3 Rad8 26. Rad1 e5
27. d5 cxd5 28. cxd5 e4 29. Rd4 f5 30. f3 e3 31. Re1 Kf6 32. Rxe3 Rxd5 33. Rxd5
Rxd5 34. Rb3 b5 35. Ra3 Rd7 36. Ra5 Rb7 37. Ra6+ Kg7 38. b3 b4 39. Rd6 a5 40.
Rd5 Ra7 41. Kg3 Kf6 42. f4 Ra6 43. Kf2 Ra8 44. Rc5 Ra6 45. g3 Ra8 46. Kf1 Ra6
47. Kg2 Ra8 48. Rb5 Ra6 49. Kf2 Ra8 50. Ke2 Re8+ 51. Kf1 Ra8 52. Rb6+ Kf7 53.
Rb7+ Kf6 54. Rc7 Rd8 55. Rc6+ Kf7 56. Ke2 Rd5 57. Rc7+ Kf6 58. Ke3 Rd1 59. Rc5
Rg1 60. Kf2 Rb1 61. Rxa5 Rb2+ 62. Kf3 Rc2 63. Ra4 Ke6 64. Ke3 Rg2 65. Kd4 Rxg3
66. Rxb4 Rg4 67. Rb6+ Kf7 68. Ke5 Rxh4 69. Rb7+ Kf8 70. Kf6 Ke8 71. Kxg6 Rxf4
72. Kxh5 Rf2 73. a4 f4 74. Kg5 f3 75. Kf4 Rf1 76. Kg3 Kd8 77. Rf7 Rb1 78. Rxf3
Kc7 79. Kf4 Kb6 80. Ke4 Ka5 81. Rd3 Rc1 82. Rd4 Re1+ 83. Kd5 Rc1 84. Ke5 Re1+
85. Kf6 Rf1+ 86. Ke6 Re1+ 87. Kd7 Rb1 88. Rd3 Rc1 89. Ke6 Re1+ 90. Kd6 Rc1 91.
Kd5 Re1 92. Kc5 Rc1+ 93. Kd4 Rb1 94. Re3 Rd1+ 95. Kc4 Rc1+ 96. Rc3 Re1 97. Rh3
Re4+ 98. Kc3 Re8 99. Rh5+ Kb6 100. b4 Rc8+ 101. Kd4 Rd8+ 102. Ke5 Re8+ 103. Kd5
Rd8+ 104. Ke4 Re8+ 105. Kd3 Rd8+ 106. Kc2 Rc8+ 107. Kb3 Re8 108. a5+ Kb7 109.
b5 Kc8 110. Rh7 Re3+ 111. Kc4 Re4+ 112. Kc5 Ra4 113. Kb6 Kd8 114. a6 Ke8 115.
a7 Kf8 116. Kb7 Kg8 117. Rc7 Rb4 118. a8=Q# 1-0

[Event "ICS rated blitz match"]
[Site "204.178.125.65"]
[Date "2000.08.16"]
[Round "?"]
[White "Dorky"]
[Black "Hossa"]
[Result "0-1"]
[WhiteElo "2407"]
[BlackElo "2451"]
[PlyCount "138"]
[EventDate "2000.??.??"]

1. d4 Nf6 2. c4 Nc6 3. d5 Ne5 4. e4 Ng6 5. Bd3 e6 6. Nf3 exd5 7. cxd5 Bb4+ 8.
Bd2 Bxd2+ 9. Nfxd2 Nf4 10. Qf3 Nxd3+ 11. Qxd3 d6 12. Nc3 O-O 13. O-O Re8 14. f3
Nd7 15. Rac1 Nc5 16. Qd4 a5 17. Na4 Nxa4 18. Qxa4 Bd7 19. Qd4 Bb5 20. Rfe1 a4
21. Kh1 a3 22. b4 Qd7 23. Nb1 c6 24. dxc6 bxc6 25. Qc3 Qa7 26. Re3 d5 27. Qe1
Qd4 28. Nxa3 dxe4 29. fxe4 Bd3 30. Nc2 Qc4 31. Na1 Qb5 32. Rc5 Qa6 33. Nb3 f6
34. Qd2 Bxe4 35. Re1 Qxa2 36. Qxa2 Rxa2 37. Rcc1 Bxg2+ 38. Kg1 Rxe1+ 39. Rxe1
Bd5 40. Nc5 Rg2+ 41. Kf1 Rxh2 42. Re8+ Kf7 43. Rh8 g5 44. Kg1 Rg2+ 45. Kf1 Kg6
46. Rg8+ Bxg8 47. Kxg2 h5 48. Kf2 h4 49. Na6 g4 50. Nc7 f5 51. b5 g3+ 52. Kg2
cxb5 53. Nxb5 Bd5+ 54. Kh3 Kh5 55. Nd6 f4 56. Ne4 Be6+ 57. Kg2 f3+ 58. Kg1 Bc4
59. Nf2 Bb5 60. Nd1 f2+ 61. Nxf2 gxf2+ 62. Kxf2 Bc6 63. Ke3 h3 64. Kf4 h2 65.
Kf5 h1=Q 66. Ke5 Qd5+ 67. Kf6 Bb5 68. Kg7 Bc4 69. Kf6 Qg5# {Dorky resigns} 0-1

[Event "ICS rated standard match"]
[Site "204.178.125.65"]
[Date "2000.08.16"]
[Round "?"]
[White "Hossa"]
[Black "Pyro"]
[Result "1-0"]
[WhiteElo "2333"]
[BlackElo "2002"]
[PlyCount "37"]
[EventDate "2000.??.??"]

1. e4 c5 2. Nf3 Nc6 3. Bb5 g6 4. O-O Bg7 5. Bxc6 dxc6 6. d3 Nh6 7. Nc3 O-O 8.
a3 e5 9. Bxh6 Bxh6 10. Nxe5 Qd6 11. Nc4 Qe7 12. Re1 Be6 13. Qf3 Bxc4 14. dxc4
Rad8 15. e5 Rd4 16. Ne4 Bg7 17. c3 Rdd8 18. Nf6+ Bxf6 19. exf6 {Pyro resigns}
1-0

[Event "ICS rated standard match"]
[Site "204.178.125.65"]
[Date "2000.08.16"]
[Round "?"]
[White "Pyro"]
[Black "Hossa"]
[Result "0-1"]
[WhiteElo "1998"]
[BlackElo "2337"]
[PlyCount "60"]
[EventDate "2000.??.??"]

1. e4 e5 2. f4 Nf6 3. Nc3 exf4 4. d4 Bb4 5. Bxf4 Nxe4 6. Qe2 d5 7. O-O-O Bxc3
8. bxc3 O-O 9. Bd2 Re8 10. Qf3 Qd6 11. c4 Nxd2 12. Rxd2 Re1+ 13. Rd1 Rxd1+ 14.
Qxd1 Qa3+ 15. Kb1 Qb4+ 16. Ka1 Qc3+ 17. Kb1 dxc4 18. Nf3 Qb4+ 19. Ka1 c3 20.
Qb1 Nc6 21. Qxb4 Nxb4 22. Bd3 Nxd3 23. cxd3 b5 24. Kb1 b4 25. Kc2 Bd7 26. Kb3
a5 27. a4 Bc6 28. Re1 Re8 29. Rxe8+ Bxe8 30. Ne5 Bxa4+ {Pyro resigns} 0-1

[Event "ICS rated standard match"]
[Site "204.178.125.65"]
[Date "2000.08.16"]
[Round "?"]
[White "Hossa"]
[Black "TacticalFish"]
[Result "1-0"]
[WhiteElo "2341"]
[BlackElo "2200"]
[PlyCount "30"]
[EventDate "2000.??.??"]

1. e4 c5 2. Nf3 Nc6 3. Bb5 g6 4. O-O Bg7 5. Bxc6 bxc6 6. e5 d6 7. exd6 Qxd6 8.
Na3 Ba6 9. d3 Nf6 10. Nc4 Bxc4 11. dxc4 O-O 12. Qe2 Rad8 13. Be3 e6 14. Rad1
Qe7 15. Ne5 Rd6 1-0

[Event "ICS rated blitz match"]
[Site "204.178.125.65"]
[Date "2000.08.16"]
[Round "?"]
[White "Hossa"]
[Black "lambChop"]
[Result "0-1"]
[WhiteElo "2465"]
[BlackElo "2520"]
[PlyCount "68"]
[EventDate "2000.??.??"]

1. e4 e6 2. Nf3 Nf6 3. e5 Nd5 4. d4 Nc6 5. c4 Bb4+ 6. Nbd2 Nb6 7. c5 Nd5 8. a3
Bxd2+ 9. Bxd2 b6 10. cxb6 axb6 11. Qc2 Ba6 12. Bxa6 Rxa6 13. O-O f5 14. h4 O-O
15. h5 f4 16. h6 gxh6 17. Qc4 Ra8 18. b4 Qe7 19. Qc2 Qg7 20. a4 Kh8 21. Qb2 Rg8
22. Ne1 f3 23. g3 Qg4 24. Nc2 Qh4 25. Ne1 Nxd4 26. Nxf3 Nxf3+ 27. Kg2 Qe4 28.
Kh3 Qe2 29. Rad1 Rxg3+ 30. fxg3 Qh2+ 31. Kg4 Rg8+ 32. Kxf3 Rxg3+ 33. Ke4 Qe2+
34. Be3 Qxe3# {Hossa checkmated} 0-1

[Event "ICS rated blitz match"]
[Site "204.178.125.65"]
[Date "2000.08.16"]
[Round "?"]
[White "lambChop"]
[Black "Hossa"]
[Result "0-1"]
[WhiteElo "2533"]
[BlackElo "2452"]
[PlyCount "113"]
[EventDate "2000.??.??"]

1. c4 e5 2. Nc3 Nc6 3. g3 f5 4. Bh3 g6 5. d3 Nf6 6. Nf3 Bg7 7. e4 fxe4 8. Nxe4
O-O 9. Be3 d6 10. Bxc8 Rxc8 11. O-O Qd7 12. Nxf6+ Rxf6 13. Ng5 Rcf8 14. Qa4 h6
15. Ne4 R6f7 16. Qb5 Qc8 17. Rac1 a6 18. Qb3 b6 19. Qa3 Nd4 20. Bxd4 exd4 21.
f4 a5 22. Kg2 Qg4 23. h3 Qe2+ 24. Rf2 Qh5 25. Re1 Qf5 26. Kh2 d5 27. cxd5 Qxd5
28. Rfe2 g5 29. fxg5 hxg5 30. b3 Bh6 31. Qc1 c5 32. h4 Rh7 33. Qc4 Qxc4 34.
bxc4 gxh4 35. gxh4 Bg7 36. Kg3 Be5+ 37. Kh3 Rf4 38. Rg2+ Kf8 39. Rg4 Rf3+ 40.
Ng3 Bc7 41. Rf1 Rhf7 42. Rxf3 Rxf3 43. h5 Rxd3 44. h6 Bxg3 45. Rxg3 Rxg3+ 46.
Kxg3 Kg8 47. Kf3 a4 48. a3 Kh7 49. Ke4 Kxh6 50. Kf4 Kh5 51. Kf3 Kg5 52. Kg3 Kf5
53. Kf3 Ke5 54. Kf2 Ke4 55. Ke2 d3+ 56. Kd2 Kd4 57. Kd1 {lambChop resigns} 0-1

[Event "ICS rated standard match"]
[Site "204.178.125.65"]
[Date "2000.08.16"]
[Round "?"]
[White "Hossa"]
[Black "Vulkan"]
[Result "1-0"]
[WhiteElo "2341"]
[BlackElo "2167"]
[PlyCount "51"]
[EventDate "2000.??.??"]

1. e4 e5 2. Nf3 Nf6 3. Nc3 Bb4 4. a3 Bxc3 5. dxc3 d6 6. Bd3 Nbd7 7. Bg5 h6 8.
Bh4 g5 9. Bg3 Nh5 10. Qe2 Nf4 11. Bxf4 gxf4 12. O-O-O Nc5 13. g3 Qf6 14. Bb5+
c6 15. Bc4 Bh3 16. Rhg1 O-O-O 17. Kb1 Rhg8 18. Nh4 Rg5 19. Nf3 Bg4 20. h3 Bxf3
21. Qxf3 Qg6 22. h4 Rg4 23. Bxf7 Qg7 24. b4 Na4 25. Be6+ Kc7 26. Bxg4 {
Vulkan resigns} 1-0